000 00748nam a2200253Ia 4500
003 OSt
005 20220925230511.0
006 a|||||r|||| 00| 0
007 ta
008 220923b |||||||| |||| 00| 0 eng d
037 _cGeneral Book
040 _aRTL
_cRTL
_beng
041 _2eng
_aeng
082 _aYb4, K4
100 _aAndreski Stanislav
_950260
245 0 _aElements of comparative sociology
260 _aLondon
_bWeidenfeld and Nicolson
_c1964
300 _a383p
_ccm.
490 _aNature of Human Society Series. Ed by Julian Pitt-Rivers and Ernest Gellner
500 _aAppendix: P 367-69
650 _aEssays Sociology
942 _hYb4, K4
_cGB
_2CC
999 _c585747
_d585747